Voz silente / (Registro nro. 7830)

Detalles MARC
000 -LIDER
fixed length control field 00762nam a2200253 a 4500
001 - NÚMERO DE CONTROL
Identificador de número de control
003 - IDENTIFICACDOR DE NÚMERO DE CONTROL
control field DO-SdBNP
005 - DATE AND TIME OF LATEST TRANSACTION
control field 20211229110103.0
007 - CAMPOS FIJOS DE DESCRIPCIÓN FÍSICA
fixed length control field 000009055
008 - ELEMENTOS DE LONGITUD FIJA
fixed length control field 090925s2002 dr a 001 p spa d
040 ## - FUENTE DE CATALOGACIÓN
Agencia que crea de manera original el registro BPMSU
Idioma de catalogación spa
Agencia que realiza la transcripción BPMSU
082 ## - NÚMERO DE CLASIFICACIÓN DECIMAL DE DEWEY
Classification number RD861.44
Item number B171v 2002
Edition number 22
100 1# - ASIENTO PRINCIPAL -- NOMBRE PERSONAL
Nombre personal Balaguer, Joaquín,
Fechas asociadas con el nombre 1906-2002
9 (RLIN) 2
245 10 - MENCIÓN DE TITULO
Título Voz silente /
Mención de responsabilidad Joaquín Balaguer ; prólogo Antonio Zaglul.
260 ## - PUBLICACIÓN, DISTRIBUCIÓN, ETC. (PIE DE IMPRENTA)
Lugar de publicación, distribución, etc Santo Domingo :
Nombre del editor, distribuidor, etc. Alfa & Omega,
Fecha de publicación, distribución, etc 2002
300 ## - DESCRIPCIÓN FÍSICA
Extensión 136 p. :
Otros detalles físicos il., retrs. ;
Dimensiones 23 cm.
590 ## - NOTA LOCAL
Enlace Inventariado, 2021/VM
650 #4 - ENCABEZAMIENTO DE MATERIA--TEMÁTICO
Término temático o nombre geográfico como elemento de entrada Poesía dominicana
650 #4 - ENCABEZAMIENTO DE MATERIA--TEMÁTICO
Término temático o nombre geográfico como elemento de entrada Literatura dominicana
700 1# - ASIENTO SECUNDARIO -- NOMBRE PERSONAL
Nombre personal Zaglul, Antonio,
Mención de responsabilidad pról.
710 2# - ASIENTO SECUNDARIO -- NOMBRE CORPORATIVO
Nombre corporativo o de jurisdicción Fundación Joaquín Balaguer (República Dominicana)
910 ## - VALIDACIÓN
Validación VMateo V.
942 ## - ADDED ENTRY ELEMENTS (KOHA)
Source of classification or shelving scheme Dewey Decimal Classification
Koha item type Libros
Existencias
Withdrawn status Lost status Source of classification or shelving scheme Damaged status Not for loan Collection code Home library Current library Date acquired Source of acquisition Full call number Barcode Date last seen Price effective from Koha item type Copy number Total Checkouts
    Dewey Decimal Classification     Colección Dominicana Biblioteca Pública Metropolitana Salomé Ureña Biblioteca Pública Metropolitana Salomé Ureña 05/08/2015 Fundación Joaquín Balaguer BPMSU CD RD861.44 B171v 2002 BPMSU15051619 05/08/2015 05/08/2015 Libros    
    Dewey Decimal Classification     Colección Dominicana Biblioteca Pública Metropolitana Salomé Ureña Biblioteca Pública Metropolitana Salomé Ureña 05/08/2015 Fundación Joaquín Balaguer BPMSU CD RD861.44 B171v 2002 BPMSU15051620 05/08/2015 05/08/2015 Libros e. 2  
    Dewey Decimal Classification     Colección Dominicana Biblioteca Pública Metropolitana Salomé Ureña Biblioteca Pública Metropolitana Salomé Ureña 05/08/2015 Fundación Joaquín Balaguer BPMSU CD RD861.44 B171v 2002 BPMSU25110126 11/28/2025 05/08/2015 Libros e.3